000 00514nam a2200169 4500
003 LK-CoMWRAF
005 20230907143950.0
008 230907b2003 |||||||| |||| 00| 0 eng d
020 _a9558464265
040 _aLK-CoMWRAF
_dLK-CoMWRAF
_eLK-CoMWRAF
041 _asin
082 _a750
_bDIA
100 _aඩයස්, සිඩ්නි මාකස්
245 _aසිත්තම් හුරුව
260 _aආණමඩුව :
_bතෝතැන්න ප්‍ර‍කාශන,
_c2003
942 _cBK
999 _c3452
_d3452